| 000 | 01272nam a22003137a 4500 | ||
|---|---|---|---|
| 999 |
_c63328 _d63328 |
||
| 005 | 20240530110635.0 | ||
| 008 | 170919s2014 ua f b 000 0 ara d | ||
| 017 |
_a2013/16112 _bمصر. دار الكتب |
||
| 020 | _a978977902301 | ||
| 040 |
_aEG-CaGPL _cEG-CaGPL |
||
| 082 | 0 | 4 |
_221 _a303.42 / _bح ث |
| 100 | 0 | _aحسين عبدالحميد احمد رشوان | |
| 245 | 1 | 0 |
_aثورات الربيع العربى : _bمقارنة بالثورات العالمية / _cحسين عبدالحميد احمد رشوان |
| 260 |
_aالاسكندرية : _bمؤسسة شباب الجامعة ، _c2014. |
||
| 300 |
_a316 ص. ؛ _c24 سم. |
||
| 490 | 0 |
_aسلسلة كتب علم الاجتماع ؛ _v88 |
|
| 504 | _aيشتمل على ارجاعات ببليوجرافية | ||
| 650 | 0 | 7 |
_2qrmak _aالثورات _xاخلاقيات |
| 650 | 0 | 7 |
_2qrmak _aالحرب الاهلية |
| 650 | 0 | 7 |
_2qrmak _aالتمرد و العصيان |
| 650 | 0 | 7 |
_2qrmak _aالثورة الفرنسية |
| 650 | 0 | 7 |
_2qrmak _aالثورة البلشفية |
| 650 | 0 | 7 |
_2qrmak _aالثورة الامريكية |
| 650 | 0 | 7 |
_2qrmak _aثورة 1919 |
| 650 | 0 | 7 |
_2qrmak _aثورة 25 يناير |
| 651 | _2qrmak | ||
| 942 |
_2ddc _cBK |
||